| 000 | 00639cam a22002171 4500 | ||
|---|---|---|---|
| 001 | ne 64000876 | ||
| 003 | DLC | ||
| 005 | 20260227111758.0 | ||
| 008 | 890728s1962 ua 000 1 ararc | ||
| 010 | _ane 64000876 | ||
| 025 | _aPL480:UAR-3822 | ||
| 035 | _a(OCoLC)20085710 | ||
| 040 |
_aPrinceton Univ. Libr. for LC _cWaU _dWaU _dDLC |
||
| 042 | _apremarc | ||
| 050 | 0 | 0 |
_aPJ7860.A2 _bJ3 |
| 100 | 1 | _aRabīʻ, Jamāl. | |
| 245 | 1 | 3 |
_aal-Jazāʼ!! _bmajmūʻah qiṣaṣ qaṣīrah _c[taʼlīf] Jamāl Rabīʻ. |
| 260 |
_a[al-Qāhirah, _bMuʼassasat Rūz al-Yūsuf] _c1962. |
||
| 300 |
_a126 p. _c20 cm. |
||
| 490 | 0 | _aKitāb al-dhahabī | |
| 999 |
_c46873 _d46873 |
||